000 01010nab a22002177a 4500
999 _c6265
_d6265
003 OSt
005 20260128020304.0
008 190514b xxu||||| |||| 00| 0 spa d
040 _cPJ
100 _94335
_aLlugdar, Hugo Andrés
245 1 0 _aDe la autonomía progresiva a la bancarización bursátil de la adolescencia /
_cHugo A. Llugdar.
300 _ap. 170-178
500 _aCita: TR LALEY AR/DOC/2509/2025.
505 _aSumario: I. Introducción.— II. Capacidad jurídica de ejercicio de los adolescentes.— III. La autonomía progresiva y los derechos patrimoniales.— IV. Los niños al mundo financiero.— V. ¿Y el Cód. Civ. y Com.?— VI. Corolario.
505 _tSi te interesa el texto, comunicate a koha@justierradelfuego.gov.ar
650 0 _9967
_aDERECHO DE FAMILIA
650 0 _94691
_aAUTONOMÍA PROGRESIVA
650 0 _95662
_aADOLESCENTES
773 0 _02844
_93222
_dBuenos Aires : AbeledoPerrot, 1989-
_tDerecho de familia. N° 122 - Noviembre 2025
_z18511201
942 _2udc
_cANA